Návrh a simulácia neurónovej siete pre účely tvorby hardvérových senzorických uzlov

Enregistré dans:
Détails bibliographiques
Auteur principal: Horský, Matej (Auteur)
Autres auteurs: Sekaj, Ivan (Directeur de thèse)
Format: Manuscrit Livre
Langue:slovaque
Publié: Bratislava : STU v Bratislave FEI, 2024
Sujets:
Accès en ligne:https://opac.crzp.sk/?fn=detailBiblioFormChildG18RDF&sid=DDCD2C6FBCAD481F294DC4B200E4&seo=CRZP-detail-kniha
Tags: Ajouter un tag
Pas de tags, Soyez le premier à ajouter un tag!

MARC

LEADER 00000ntm a22000003a 4500
001 stuzp96631
003 SK-STU
005 20250401130428.1
007 ta
008 150427s2015----xo-----f-mn---000-0-slo-d
040 |a STU  |b slo 
041 0 |a slo 
044 |a xo 
100 1 |a Horský, Matej  |u 031000  |4 aut  |U FEI Fakulta elektrotechniky a informatiky  |T FEI Ústav robotiky a kybernetiky  |X 115005  |U E011  |Y 356  |7 115005 
242 0 1 |a Design and simulation of a Neural network for the development of hardware sensory nodes  |y eng 
245 1 0 |a Návrh a simulácia neurónovej siete pre účely tvorby hardvérových senzorických uzlov 
260 |a Bratislava :  |b STU v Bratislave FEI,  |c 2024 
300 |a 60 s. 
650 4 |a In-sensor computing  |2 slo 
650 4 |a Umelá neurónová sieť  |2 slo 
650 4 |a Neuromorfný systém  |2 slo 
650 4 |a Teplotný senzor  |2 slo 
650 4 |a In-sensor computing  |2 eng 
650 4 |a Artificial Neural Network  |2 eng 
650 4 |a Neuromorphic System  |2 eng 
650 4 |a Temperature Sensor  |2 eng 
700 1 |a Sekaj, Ivan  |u 031000  |k Z1  |4 ths  |U FEI Fakulta elektrotechniky a informatiky  |T FEI Ústav robotiky a kybernetiky  |X 4946  |U E011  |Y 356  |7 A000004946 
856 4 |u https://opac.crzp.sk/?fn=detailBiblioFormChildG18RDF&sid=DDCD2C6FBCAD481F294DC4B200E4&seo=CRZP-detail-kniha